Manifiesto al servicio del personalismo

Gorde:
Xehetasun bibliografikoak
Egile nagusia: Mounier, Emmanuel
Formatua: Liburua
Hizkuntza:Undetermined
Argitaratua: Madrid, España Taurus 1972
Edizioa:3
Gaiak:
Etiketak: Etiketa erantsi
Etiketarik gabe, Izan zaitez lehena erregistro honi etiketa jartzen!

MARC

LEADER 00000nam a2200000Ia 4500
008 170316s9999 xx 000 0 und d
090 |a 100 M-63m 
100 |a Mounier, Emmanuel 
245 |a Manifiesto al servicio del personalismo 
250 |a 3 
260 |a Madrid, España 
260 |b Taurus 
260 |c 1972 
300 |a 293 páginas 
650 |a FILOSOFÍA 
650 |a MOUNIER 
650 |a PERSONALISMO 
999 |c 17074  |d 17074 
040 |a cru BVZT 
942 |c 15 D  |h 100 M-63m  |2 z